000 00230nam a22001097a 4500
082 _a621.3841366WAR
100 _aWarring R H
245 _aModern Transistor radios
260 _aLondon
_bLutter
_c1976
300 _a32
942 _cBK
999 _c12268
_d12268